| Поле | Инд. | ПП | Название | Значение |
|---|---|---|---|---|
| Тип записи | a | |||
| Библиографический уровень | m | |||
| 001 | Контрольный номер | 1d44fbb9-efc4-4384-abe5-c017b644743e | ||
| 005 | Дата корректировки | 20170815092948.3 | ||
| 008 | Кодируемые данные | 081009 | ||
| 020 | c | Цена, тираж | б/ц | |
| 040 | a | Служба первич. каталог. | НБ ТвГУ | |
| 041 | 0_ | a | Код языка текста | rus |
| 080 | a | Индекс УДК | 930.1(47)"18"(092)(043.3) | |
| a | Индекс УДК | 929Майков | ||
| 084 | a | Индекс другой классификации/Индекс ББК | Т1(2)52-81я031 | |
| 090 | x | Авторский знак | Х86 | |
| a | Полочн. индекс | Т1(2)52 | ||
| 100 | 1_ | a | Автор | Хохлова Ольга Николаевна |
| 245 | 10 | a | Заглавие | А. А. Майков - ученый и общественный деятель |
| b | Продолж. заглавия | автореф. дис. ... канд. ист. наук : 07.00.03 | ||
| c | Ответственность | Рос. акад. наук, Ин-т славяноведения и балканистики | ||
| 260 | 0_ | a | Место издания | Москва |
| a | Место издания | Тверь | ||
| b | Издательство | Тверской государственный университет | ||
| c | Дата издания | 1992 | ||
| 300 | a | Объем | 17 с. | |
| 500 | a | Примечание | На правах рукоп. | |
| 504 | a | Библиография | Библиогр. в конце кн. и в подстроч. примеч. | |
| 583 | a | Действие | Получение впервые 224 08.10.2008 | |
| 650 | 04 | a | Основная рубрика | Историческая наука |
| x | Основная подрубрика | История | ||
| y | Хронологическая подрубрика | 19 в. | ||
| z | Географическая подрубрика | Россия | ||
| 653 | 0_ | a | Ключевые слова | Историография |
| a | Ключевые слова | Российская историография | ||
| a | Ключевые слова | Историки | ||
| a | Ключевые слова | Русские историки | ||
| a | Ключевые слова | Майков Аполлон Александрович | ||
| a | Ключевые слова | Авторефераты | ||
| a | Ключевые слова | Персоналии | ||
| 852 | 41 | t | Порядковый номер экземпляра | 1 |
| p | Инвентарный номер | б/н | ||
| 888 | a | Бесплатные | ||
| 930 | a | Новая/Ретро | персоналии | |
| a | Новая/Ретро | авторефераты | ||
| 952 | p | 224.2008 б/ц 1 б/н | ||
| c | Вид литературы | А/Р н | ||
| 954 | a | Дата поступления на обработку | 20081015 | |
| 999 | a | Подразделение 2 | ч.з. |